Život J. A. Rimbauda dopisy a dokumenty

Bibliographic Details
Main Author: Štyrský, Jindřich, 1899-1942 (Author)
Format: Book
Language:Czech
PhysicalDescription:245 s. 18 cm
Published: Praha Československý spisovatel 1972
Edition:1.vyd.
Series:Klub přátel poezie
Subjects:

MARC

LEADER 00000aam a2200000 a 4500
001 vtls001482714
003 SK-MaSNL
005 20260302073655.0
008 240318s1972 xr g 00001bcze
035 |a SNK000438011 
040 |a SNK  |b slo  |c SNK  |e AACR2 
041 0 |a cze 
044 |a xr  |c CZ 
072 7 |a 821.133.1.09  |x Francúzska literatúra, francúzsky písaná (o nej)  |2 konspekt 
080 |a 929  |2 2001 
080 |a 821.133.1-1-051  |2 2001 
080 |a 929(092)  |2 2011 
100 1 |a Štyrský, Jindřich,  |d 1899-1942  |4 aut  |9 108828 
245 1 0 |a Život J. A. Rimbauda  |b dopisy a dokumenty  |c Jindřich Štyrský 
250 |a 1.vyd. 
260 |a Praha  |b Československý spisovatel  |c 1972 
300 |a 245 s.  |c 18 cm 
366 |e 12 500 výtl. 
490 1 |a Klub přátel poezie 
500 |a Viazaná 
600 1 7 |a Rimbaud, Arthur,  |d 1854-1891  |2 SNKMA  |9 132053 
650 0 7 |a francúzski básnici  |2 SNKPH  |9 121585 
650 0 7 |a French poets  |2 SNKPHeng  |9 382568 
655 7 |a biografie  |2 SNKPH  |9 27965 
655 7 |a Biography  |2 SNKPHeng  |9 266314 
830 0 |a Klub přátel poezie  |9 291132 
852 |a Štátna vedecká knižnica v Banskej Bystrici 
958 |a OND 
999 |c 1161902  |d 1163832 
952 |t P60, <04>, [BOOK], {604}  |a SNK  |b SNK  |y VYP  |7 0  |p 17A0445381  |o snkID 58444 D1  |i snkKIP 8542/72  |0 0  |1 1  |4 0  |d 2004-09-29  |l 0  |r 2005-01-02 00:00:00  |w 2026-02-24